Online Catalogue and eLibrary

Provision of the ILO conventions and recommendations concerning women workers (Record no. 2582)

MARC details
000 -LEADER
fixed length control field 00486nam a2200181Ia 4500
005 - DATE AND TIME OF LATEST TRANSACTION
control field 20240429005653.0
008 - FIXED-LENGTH DATA ELEMENTS--GENERAL INFORMATION
fixed length control field 240331s9999 xx 000 0 und d
020 ## - INTERNATIONAL STANDARD BOOK NUMBER
ISBN 9221090590
082 ## - DDC Classification
Item Number - Author Mark PRO
Class No. 331.4
100 ## - MAIN ENTRY--PERSONAL NAME
Personal name ILO
245 #0 - TITLE STATEMENT
Title Provision of the ILO conventions and recommendations concerning women workers
250 ## - EDITION STATEMENT
Edition statement 1 St
260 ## - PUBLICATION, DISTRIBUTION, ETC.
Place of publication, distribution, etc. Switzerland
Name of publisher, distributor, etc. International Labor Organization
Date of publication, distribution, etc. 1993
300 ## - PHYSICAL DESCRIPTION
Extent (e.g. Volumes, Pages etc.) vii, 106 p .,
650 ## - SUBJECT ADDED ENTRY--TOPICAL TERM
Topical term or geographic name entry element women
650 ## - SUBJECT ADDED ENTRY--TOPICAL TERM
Topical term or geographic name entry element Gender
942 ## - Koha item type (Biblio)
Koha item type Books in Stacks (Lending)
Holdings
Lost status Damaged status Collection code Home library Current library Shelving location Date acquired Full call number Accession Number Item type
    Lending WERC Library WERC Library Social Science Cupboard 03/31/2024 331.4 PRO 3980 Books in Stacks (Lending)

© WERC Library